La economía europea en el Renacimiento tardío: 1460-1600
Na minha lista:
| Autor principal: | |
|---|---|
| Formato: | Livro |
| Idioma: | espanhol |
| Publicado em: |
Madrid
Cátedra
1981
|
| Colecção: | Historia. Serie menor
|
| Assuntos: | |
| Tags: |
Adicionar Tag
Sem tags, seja o primeiro a adicionar uma tag!
|
MARC
| LEADER | 00000nam a2200000 a 4500 | ||
|---|---|---|---|
| 001 | UCX5998 | ||
| 003 | CL-VaPUC | ||
| 008 | 930331e19810000SP |||||||||||||||||spa|d | ||
| 082 | 0 | 4 | |a 940.2 |b MIS |2 21 |
| 100 | |a Miskimin, Harry A. |e autor |9 440917 | ||
| 245 | 1 | 3 | |a La economía europea en el Renacimiento tardío: 1460-1600 |
| 300 | |a 246 p | ||
| 942 | |c BK | ||
| 945 | |d 19930331 00:00:00 | ||
| 260 | |a Madrid |b Cátedra |c 1981 | ||
| 650 | 0 | |a Economía |x Historia |9 317048 | |
| 650 | 7 | |a HISTORIA ECONOMICA SIGLO 15 |2 CL-VaPUC |9 322374 | |
| 650 | 7 | |a RENACIMIENTO ASUNTOS ECONOMICOS |2 CL-VaPUC |9 322375 | |
| 651 | 0 | |a Europa |9 255156 | |
| 583 | |a last modification |c 19930331 00:00:00 |k Rodrigo Vera | ||
| 490 | 0 | |a Historia. Serie menor | |
| 999 | |c 226102 |d 226100 | ||
| 952 | |0 0 |1 0 |4 0 |6 940_200000000000000_MIS_1981 |7 0 |8 A |9 224215 |a BIBHIS |b BIBHIS |d 2019-11-15 |i 2930099 |o 940.2 MIS 1981 |p 2930099 |r 2025-01-20 |w 2019-11-15 |y BK |k HIS | ||
| 952 | |0 0 |1 0 |4 0 |6 940_200000000000000_MIS_1981 |7 0 |8 A |9 224216 |a BIBHIS |b BIBHIS |d 2019-11-15 |i 1369482 |o 940.2 MIS 1981 |p 1369482 |r 2025-01-20 |w 2019-11-15 |y BK |k HIS | ||